Statistiques concernant Harry Potter: la Salle Commune de Gryffondor

Cliquez ici pour prendre le quiz!

Statistiques générales

  • Ce quiz a été pris 98 fois
  • Le résultat moyen est 7 sur 24

Statistiques - réponses

InformationRéponses% Correct
Première apparitionHarry Potter à l'école des sorciers
94%
Dernière apparitionHarry Potter et le Prince de Sang-Mêlé
92%
Personne qui fait rentrerLa Grosse Dame
92%
Moyen d'entrerMot de passe
82%
1er mot de passe de l'année 1991-1992Caput Draconis
48%
Personne qui fait entrer en 3e annéeLe Chevalier du Catogan
37%
1er mot de passe de l'année 1993-1994Fortuna Major
35%
DescriptionFauteuils, cheminée, tables
30%
2e mot de passe de l'année 1991-1992Groin de porc
23%
Mot de passe de l'année 1992-1993Antochère
15%
1er mot de passe de l'année 1995-1996Mimbulus Mimbletonia
14%
1e mot de passe de l'année 1994-1995Fariboles
13%
2e mot de passe de l'année 1994-1995Guirlande
13%
4e mot de passe de l'année 1996-1997Ver solitaire
8%
2e mot de passe de l'année 1993-1994Vil maraud
8%
3e mot de passe de l'année 1996-1997Abstinence
7%
2e mot de passe de l'année 1996-1997Babioles
7%
2e mot de passe de l'année 1995-1996Alea jacta est
6%
3e mot de passe de l'année 1994-1995Bananes frites
6%
4e mot de passe de l'année1993-1994Flibbertigibbet
6%
3e mot de passe de l'année 1993-1994Palsambleu
6%
1er mot de passe de l'année 1996-1997Potage royal
6%
5e mot de passe de l'année 1996-1997Quid agis
6%
Emplacement dans PoudlardTour éponyme
3%

Distribution des résultats

Percentile par nombre de réponses

% des personnes avec chaque résultat

Votre développement - résultats

Vous n’avez pas pris ce quiz